Govt. of
Madhya Pradesh

The Tragic illusion of an Islamic State (Record no. 68406)

MARC details
000 -LEADER
fixed length control field 00258nam a22001097a 4500
082 ## - DEWEY DECIMAL CLASSIFICATION NUMBER
Classification number 900/FAT
100 ## - MAIN ENTRY--AUTHOR NAME
Personal name Fatah,Tarek
245 ## - TITLE STATEMENT
Title The Tragic illusion of an Islamic State
260 ## - PUBLICATION, DISTRIBUTION, ETC. (IMPRINT)
Place of publication Delhi
Name of publisher Kautilya Books
Year of publication 2022
650 ## - SUBJECT ADDED ENTRY--TOPICAL TERM
Topical Term History
942 ## - ADDED ENTRY ELEMENTS (KOHA)
Koha item type Books
Holdings
Withdrawn status Lost status Damaged status Not for loan Home library Current library Date acquired Cost, normal purchase price Full call number Accession Number Price effective from Koha item type
        MACL MACL 29/10/2025 699.00 900/FAT DPI004067 29/10/2025 Books